Green Day Songs - Dookie - Statistics

General Stats
  • This quiz has been taken 402 times
  • The average score is 12 of 15
Answer Stats
Track Song % Correct
07 Basket Case
94%
05 Welcome to Paradise
90%
01 Burnout
88%
04 Longview
88%
10 When I Come Around
87%
08 She
85%
03 Chump
84%
14 F.O.D.
82%
15 All By Myself
80%
02 Having A Blast
78%
06 Pulling Teeth
77%
09 Sassafras Roots
73%
11 Coming Clean
71%
13 In The End
68%
12 Emenius Sleepus
65%
No matching quizzes found
Score Distribution
Percent of People with Each Score
Percentile by Number Answered
Your Score History
You have not taken this quiz